Nicaragua: revolución y democracia/
El documento se presenta un análisis de temas como la estabilidad y reconciliación nacional, negociación, diálogo y paz, la reactivación económica, el revanchismo y los extremismos revolucionarios de izquierda y derecha, las debilidades del paternalismo revolucionario y los dramáticos efectos del ne...
Sparad:
| Huvudupphovsman: | |
|---|---|
| Materialtyp: | Text |
| Språk: | Spanish |
| Publicerad: |
México D.F.:
Organización Editorial Mexicana
1992
|
| Ämnen: | |
| Taggar: |
Lägg till en tagg
Inga taggar, Lägg till första taggen!
|
MARC
| LEADER | 00000 a a2200000 04500 | ||
|---|---|---|---|
| 001 | 24672 | ||
| 003 | cru CIDCACS/IIS | ||
| 005 | 20230703132907.0 | ||
| 008 | 220715b1992 mx ||||| |||| 00| 0 spa d | ||
| 020 | |a 968-7250-06-2 | ||
| 022 | |a 968-7250-06-2 | ||
| 040 | |c cru CRAI/IIS | ||
| 090 | |a 04.03.01 O77n | ||
| 100 | 1 | |a Ortega Saavedra, Humberto |9 10565 | |
| 245 | |a Nicaragua: |b revolución y democracia/ |c Humberto Ortega Saavedra | ||
| 260 | |a México D.F.: |b Organización Editorial Mexicana |c 1992 | ||
| 300 | |a 279 páginas | ||
| 300 | |b **no definido** | ||
| 500 | |a colección Centroamérica | ||
| 520 | |a El documento se presenta un análisis de temas como la estabilidad y reconciliación nacional, negociación, diálogo y paz, la reactivación económica, el revanchismo y los extremismos revolucionarios de izquierda y derecha, las debilidades del paternalismo revolucionario y los dramáticos efectos del neoliberalismo revolucionario y los dramáticos efectos del neoliberalismo deshumanizado, el desarrollo económico y justicia social, la convivencia y el no exterminio entre las clases sociales, el orden constitucional y las nuevas reglas para la acción política y social. | ||
| 650 | 0 | |9 129 |a NEOLIBERALISMO | |
| 650 | 0 | |9 3830 |a PATERNALISMO | |
| 650 | 0 | |9 83 |a DEMOCRACIA | |
| 650 | 0 | |9 137 |a REVOLUCION | |
| 650 | 0 | |9 2912 |a DESARROLLO DE RECURSOS | |
| 651 | 0 | |9 1861 |a NICARAGUA | |
| 942 | |2 z |c LI |h 04.03.01 O77n |i 23623 |6 040301_O77N_23623 | ||
| 999 | |c 44384 |d 44384 | ||



